000 00705nam a2200241 a 4500
001 BRCA_7349
005 20190320205814.0
008 210213s1949----nyua######---#000-0#eng-#
041 _aeng
044 _anyu
050 4 _aNC960
_b.S56 1949
100 1 _aSimon, Howard
_918167
245 1 0 _a500 [i.e. Quinientos] years of art in illustration
_bfrom Albrecht Durer to Rockwell
_cby Howard Simon.
250 _a2
260 _aCiudad Jardín, Nueva York
_bGarden City Publishing Co.
_c1949
300 _axvii, 476 p.
_bil., 600 láminas
500 _aQ4
650 1 4 _aIlustración de libros
_918168
650 1 4 _aIlustradores
_918169
650 1 4 _aGrabadores
_97352
902 _aGFM
942 _2lcc
_cB
999 _c7025
_d7025